LEADER 01319nam a2200313 i 4500 001 000000157963 003 CaOOAMICUS 005 20070124000000.0 008 070124s1984 it u000 u ita u 013 $a135326 020 $a88-06-05742-1 040 $aSeMil$bita 100 1 $aArnheim, Rudolf,$d<1904-2007>.$0(OLS)http://semarc/name/42753 240 14$aThe power of the center.$0(OLS)http://semarc/title/231753 245 13$aIl potere del centro :$bpsicologia della composizione nelle arti visive /$cRudolf Arnheim ; traduzione di Renato Pedio. 260 $aTorino :$bEinaudi,$ccopyr. 1984. 300 $aXXI, 286 p. :$bill. ;$c21 cm. 490 0 $aNodi ;$v6 500 $aFondo Ciprandi. 650 4$aArte - Psicologia.$0(OLS)http://semarc/subject/14612 700 1 $aPedio, Renato.$0(OLS)http://semarc/name/26215 830 0$aNodi ;$v6.$0(OLS)http://semarc/title/22648 850 $aSeMil 852 $aSeMil$W1$xVenegono$y1$m5M I 12$j109637$B109637$CSeMilBibl$Z2$F119251 $81 941 1 $a1 961 $aOmaggio: Ciprandi dott. Paolo 996 $6020$a88-06-05742-1$9(OLS)http://semarc/number/148391 996 $6245$aIl potere del centro :$bpsicologia della composizione nelle arti visive$9(OLS)http://semarc/title/231752 996 $6260$aTorino :$bEinaudi$9(OLS)http://semarc/publisher/29884 LEADER 01540nam a2200313 i 4500 001 000000118304 003 CaOOAMICUS 005 20251028100607.0 008 030925s1998 it u000 u ita u 020 $a88-18-01141-3 040 $aSeMil$bita 100 1 $aKorvin Krasinski, Cyrill : von <1905- ; OSB>.$0(OLS)http://semarc/name/26378 240 10$aMikrokosmos und Makrokosmos in religionsgeschichtlicher Sicht.$0(OLS)http://semarc/title/82270 245 12$aL'arte del risveglio :$balla ricerca dell'armonia tra mondo dentro e mondo fuori di noi /$cCyrill Korvin Krasinski ; introduzione di Gino Amiconi. 260 $aMilano :$bRusconi,$c1998. 300 $a348 p. ;$c21 cm. 490 0 $aProblemi attuali. Spiritualitą 650 4$aCosmologia - Religioni - Studio comparato.$0(OLS)http://semarc/subject/22057 650 4$aUomo - Religioni - Studio comparato.$0(OLS)http://semarc/subject/14036 700 1 $aAmiconi, Gino.$0(OLS)http://semarc/name/26379 830 0$aProblemi attuali. Spiritualitą.$0(OLS)http://semarc/title/13237 850 $aSeMil 852 $aSeMil$W1$xVenegono$y1$m2R V 6$j263870$B73620$CSeMilBibl$Z2$F78396 $81 941 1 $a4 961 $aOmaggio: Martini Card. Carlo Maria 996 $6020$a88-18-01141-3$9(OLS)http://semarc/number/102910 996 $6245$aL'arte del risveglio :$balla ricerca dell'armonia tra mondo dentro e mondo fuori di noi$9(OLS)http://semarc/title/173781 996 $6260$aMilano :$bRusconi$9(OLS)http://semarc/publisher/30258